Guide for small businessman

Bibliographic Details
Main Author: Mahathir bin Mohamad 1925
Format: Book
Published: Petaling Jaya : Eastern Univ. Press , 1985
Subjects:

MARC

LEADER 00000cam a2200000 7i4500
001 0000000536
002 000000621
005 20071023.0
020 |a T000000119 
090 0 0 |a 650   |b MAH 
100 0 |a Mahathir bin Mohamad   |c 1925   |f Tun Dr. 
245 1 0 |a Guide for small businessman   |c Dr. Mahathir Mohamad 
260 |a Petaling Jaya :   |b Eastern Univ. Press ,   |c 1985 
300 |a 81p 
650 0 0 |a Business   |x guidebooks 
999 |a 3490   |b BUKU   |c PINJAMAN   |e PERPUSTAKAAN KOMUNITI PETALING JAYA